000 00871cab a2200277 4500
001 ABS43826
008 090401t1990 xxu||||| |||| 00| 0 eng d
035 _a(Sirsi) u43641
041 _aeng
100 _aBrook, D.
245 _aUnderground space and planning
260 _c1990
350 _a0
490 _aPlanner
_v76(46) 23 November 1990, 8-12(5)
520 _aDraws attention to the development of underground space , which has proved to be an important land resource in some countries; assesses the potential for such development in Britain, given the geological structure, and the uses of underground space.
650 _aDAMES AND MOORE
650 _aLAND USE PLANNING
650 _aNORWAY
650 _aSCANDINAVIA
650 _aTOKYO
650 _aUSA
690 _aLAND
700 _aCollins, M.P.
942 _n0
948 _c04/03/1997
999 _c27809
_d27809